WEAR RESISTANCE IMPROVEMENT OF CAST IRON MACHINE PARTS

Podrobná bibliografia
Hlavní autori: Orłowicz, Władyslaw (Autor), Opiekun, Zenon (Autor)
Médium: Článok
Jazyk:poľština
ISBN:8070992905

MARC

LEADER 00000naa a2200000uu 4500
001 vtls010942712
003 SK-MaSNL
005 20260302123407.0
008 210824|1997 xo |||||||||||||||||pol|
015 |a SNBRA 
035 |a (urnnbn)urn:nbn:sk:snk:ar-a0bd34 
035 |a (uuid)2d428b40-0cf9-4270-afb4-7a1e79644993 
035 |a urn:nbn:sk:snk-aau5bw 
040 |a SNKBUCL  |b slo  |c SNKBUCL  |e AACR2 
041 0 |a pol 
044 |a xo  |c SK 
100 1 |a Orłowicz, Władyslaw  |4 aut  |9 784838 
245 1 0 |a WEAR RESISTANCE IMPROVEMENT OF CAST IRON MACHINE PARTS  |c Władyslaw Orłowicz, Zenon Opiekun 
700 1 |a Opiekun, Zenon  |4 aut  |9 784836 
773 0 |t Nové smery vo výrobných technológiách  |d Košice : Technická univerzita, 1997  |g S. 210-215  |z 8070992905 
958 |a OND 
958 |a article11 
958 |a chapter 
999 |c 1282815  |d 1284745